Every Winner Of The F1 Chinese Grand Prix - Statistics

General Stats
  • This quiz has been taken 15 times
  • The average score is 17 of 18
Answer Stats
Hint Answer % Correct
2018 Daniel Ricciardo
100%
2005 Fernando Alonso
100%
2013 Fernando Alonso
100%
2008 Lewis Hamilton
100%
2011 Lewis Hamilton
100%
2014 Lewis Hamilton
100%
2015 Lewis Hamilton
100%
2019 Lewis Hamilton
100%
2024 Max Verstappen
100%
2006 Michael Schumacher
100%
2012 Nico Rosberg
100%
2016 Nico Rosberg
100%
2017 Nico Rosberg
100%
2025 Oscar Piastri
100%
2010 Jenson Button
92%
2009 Sebastian Vettel
92%
2007 Kimi Raikkonen
83%
2004 Rubens Barrichello
75%
No matching quizzes found
Score Distribution
Percent of People with Each Score
Percentile by Number Answered
Your Score History
You have not taken this quiz